|
|
|
|
| LEADER |
01606nam a2200277 a 4500 |
| 001 |
GR-MES10651 |
| 008 |
060912s gr b 000 0 gre d |
| 020 |
|
|
|a 9603480053
|
| 040 |
|
|
|a GrPaTEI
|b gre
|c GR-PaULI
|
| 040 |
|
|
|a GrPaTEI
|b gre
|c GR-PaULI
|
| 082 |
|
0 |
|a 306.409 495
|
| 100 |
1 |
|
|a Δαμιανάκος, Στάθης
|
| 245 |
1 |
0 |
|a Παράδοση ανταρσίας και λαϊκός πολιτισμός :
|b Μελέτες.Η μυθοποιϊα του κλέφτικου,Κοινωνική ληστεία,Ρεμπέτικο και ρεμπέτες,Ο κόσμος του Καραγκιόζη. /
|c Στάθης Δαμιανάκος ; Γιώργος Σπανός.
|
| 260 |
|
|
|a Αθήνα :
|b Πλέθρον,
|c 2003
|
| 300 |
|
|
|a 238σ.
|
| 490 |
0 |
|
|a Λαϊκός πολιτισμός/Τοπικές κοινωνίες
|
| 500 |
|
|
|a Μετάφραση απο τα γαλλικά του Γιάννη Σπανού σε συνεργασία με τον συγγραφέα
|
| 504 |
|
|
|a Περιλαμβάνει βιβλιογραφία:σ. 231-239.
|
| 650 |
|
4 |
|a Κλέφτες και αρματολοί
|x Κοινωνικές απόψεις
|
| 650 |
|
4 |
|a Λαογραφία
|
| 650 |
|
4 |
|a Ρεμπέτικα τραγούδια
|x Κοινωνικές απόψεις
|
| 700 |
1 |
|
|a Σπανός, Γιώργος
|
| 942 |
|
|
|2 ddc
|
| 952 |
|
|
|0 0
|1 0
|2 ddc
|4 0
|6 306_409000000000000_495_ΔΑΜ
|7 0
|9 269990
|a MSLG
|b MSLG
|c BSC
|d 2021-01-17
|e 24
|f 0
|g 0.00
|l 0
|o 306.409 495 ΔΑΜ
|p 2420000020098
|r 2021-01-17 00:00:00
|t 1
|w 2021-01-17
|y BK15
|x 20060912 0 1
|x GrPaTEI
|
| 971 |
|
|
|a .b25766983
|b 01-10-20
|c 13-09-16
|
| 999 |
|
|
|c 155888
|d 155888
|